Ecuaciones algebraicas de grados arbitrarios
-д хадгалсан:
| Үндсэн зохиолч: | |
|---|---|
| Формат: | Ном |
| Хэл сонгох: | испани |
| Хэвлэсэн: |
Moscú
MIR
1983
|
| Хэвлэл: | 2a. ed |
| Цуврал: | Lecciones Populares de Matemáticas
|
| Нөхцлүүд: | |
| Шошгууд: |
Шошго нэмэх
Шошго байхгүй, Энэхүү баримтыг шошголох эхний хүн болох!
|
MARC
| LEADER | 00000cam a2200000 a 4500 | ||
|---|---|---|---|
| 001 | UCF2448 | ||
| 003 | CL-VaPUC | ||
| 008 | 120824e19830000RU |||||||||||||||||spa|d | ||
| 082 | 0 | 4 | |a 512 |b KUR |2 21 |
| 100 | |a Kurosh, Aleksandr Gennadievich |e author |9 566255 | ||
| 245 | 1 | 0 | |a Ecuaciones algebraicas de grados arbitrarios |
| 250 | |a 2a. ed | ||
| 300 | |a 38 p | ||
| 942 | |c BK | ||
| 945 | |d 20120824 00:00:00 |a dcastane | ||
| 260 | |a Moscú |b MIR |c 1983 | ||
| 650 | 0 | |a Álgebra |9 259567 | |
| 650 | 0 | |a Ecuaciones algebraicas |9 359705 | |
| 583 | |a last modification |c 20120824 12:41:00 |k Rodrigo Vera | ||
| 490 | 0 | |a Lecciones Populares de Matemáticas | |
| 999 | |c 349011 |d 349009 | ||
| 952 | |0 0 |1 0 |4 0 |6 512_000000000000000_KUR_1983 |7 0 |8 A |9 451387 |a BIBMAT |b BIBMAT |d 2019-11-22 |i 4888553 |o 512 KUR 1983 |p 4888553 |r 2025-01-07 |w 2019-11-22 |y BK |k MAT | ||